000 00754cam a22002414a 4500
001 12199029
005 20171215072220.0
008 001010s2001 deua b 000 0 eng
010 _a 00011872
020 _a0872072843 (pbk. : alk. paper)
040 _aDLC
_cDLC
_dDLC
041 _aeng
042 _apcc
080 _a371.3 BUE
082 0 0 _a371.3 BUE
_221
100 1 _a46
101 _aEDU
245 1 0 _aClassroom strategies for interactive learning /
_cDoug Buehl.
504 _aIncludes bibliographical references.
906 _a7
_bcbc
_corignew
_d1
_eecip
_f20
_gy-gencatlg
942 _2ddc
_cBK
999 _c39006
_d39006